| 000 | 00507nam a2200181Ia 4500 | ||
|---|---|---|---|
| 999 |
_c29373 _d29373 |
||
| 003 | OSt | ||
| 005 | 20201224114202.0 | ||
| 008 | 190216s9999||||xx |||||||||||||| ||und|| | ||
| 020 | _a9788182646988 | ||
| 040 | _coclc | ||
| 082 |
_a910 _bRAV/E |
||
| 100 |
_aRaveendran _92118 |
||
| 245 | 0 |
_aEnte Keralam / _cRaveendran |
|
| 260 |
_bMathrubhumi Printing And Publishing, _aKozhikode: _c2009. |
||
| 300 | _a256p | ||
| 650 | _aYathravivaranam | ||
| 942 |
_cBK _2ddc _h910 _iRAV/E _k910 _mRAV/E |
||